[Event "FRA-chT4 0304"]
[Site "Bretagne"]
[Date "2003.11.16"]
[Round "2"]
[White "Pihan, Daniel"]
[Black "Le Derf, Francis"]
[Result "1/2-1/2"]
[WhiteElo "1499"]
[BlackElo "1410"]
[PlyCount "118"]
[EventDate "2003.10.12"]
[EventType "team-tourn"]
[EventRounds "9"]
[EventCountry "FRA"]
[SourceTitle "EXT 2005"]
[Source "ChessBase"]
[SourceDate "2004.11.15"]
[SourceVersion "1"]
[SourceVersionDate "2004.11.15"]
[SourceQuality "1"]

1. e4 g6 2. d4 Bg7 3. f4 d6 4. Nf3 Bg4 5. Be2 Nd7 6. 0-0 a6 7. Be3 e6 8. Nbd2 Ne7 9. Qe1 0-0 10. Qh4 Bxf3 11. Nxf3 h6 12. Qh3 f5 13. exf5 exf5 14. c3 Nf6 15. Nh4 h5 16. Bf3 c6 17. Rae1 d5 18. Bc1 Ne4 19. Bxe4 dxe4 20. Qg3 Rf6 21. b3 Qd6 22. Bb2 Re6 23. Qe3 Nd5 24. Qd2 Rae8 25. g3 e3 26. Qd3 Re4 27. Re2 Bh6 28. Ng2 g5 29. fxg5 Bxg5 30. Rxf5 Qg6 31. Rf3 Rf8 32. Rxf8+ Kxf8 33. a3 h4 34. c4 Nf6 35. Nxe3 hxg3 36. hxg3 Bf4 37. Nf1 Kf7 38. Rxe4 Nxe4 39. Kg2 Bh6 40. a4 Qf5 41. Qf3 Qxf3+ 42. Kxf3 Ng5+ 43. Kg4 Ne4 44. Kf5 Nf2 45. g4 Bg7 46. Ne3 c5 47. Nc2 Nd3 48. Ba1 Nc1 49. b4 cxb4 50. Nxb4 Nb3 51. Bb2 Nxd4+ 52. Ke4 Nb3 53. Bxg7 Kxg7 54. Nd3 Kf6 55. Kf4 Nd4 56. Nc5 b5 57. cxb5 axb5 58. a5 b4 59. a6 Nc6 1/2-1/2